[Event "EU-ch Schools U13"]
[Site "Rhodes"]
[Date "2022.04.23"]
[Round "3"]
[White "Hasanli, Ziya"]
[Black "Deliezos, Anastasios"]
[Result "1/2-1/2"]
[WhiteElo "1555"]
[BlackElo "1228"]
[PlyCount "108"]
[EventDate "2022.04.21"]
[EventType "swiss"]
[EventRounds "9"]
[EventCountry "GRE"]
[SourceTitle "CBM 208 Extra"]
[Source "ChessBase"]
[SourceDate "2022.07.31"]
[SourceVersion "1"]
[SourceVersionDate "2022.07.31"]
[SourceQuality "1"]

1. d4 d5 2. c4 e6 3. Nc3 Nf6 4. cxd5 exd5 5. Bg5 Bb4 6. e3 c6 7. Bd3 h6 8. Bh4 Nbd7 9. Nge2 0-0 10. 0-0 Qc7 11. Rc1 Re8 12. Bf5 Qa5 13. a3 Bd6 14. Ra1 Ne4 15. b4 Qb6 16. Nxe4 dxe4 17. Nc3 Qc7 18. Kh1 a5 19. Nxe4 axb4 20. Nxd6 Qxd6 21. Bg3 Qe7 22. axb4 Rxa1 23. Qxa1 Qxb4 24. Bxd7 Bxd7 25. Rb1 Qd2 26. Rxb7 Be6 27. h3 Bd5 28. Rb2 Qd3 29. Qb1 Qxb1+ 30. Rxb1 Kh7 31. Rb8 Re7 32. Kh2 Kg6 33. Bd6 Re6 34. Bc5 Kf5 35. Rf8 Re4 36. Bb4 Kg6 37. Bd2 Re7 38. Rb8 Ra7 39. Bb4 f5 40. Bc5 Rf7 41. Rf8 Rxf8 42. Bxf8 Kf7 43. Bd6 g5 44. g4 Kg6 45. Kg3 h5 46. gxh5+ Kxh5 47. f4 gxf4+ 48. Kxf4 Be4 49. Be7 Bd3 50. Ke5 Bc2 51. h4 Be4 52. Kd6 Bd5 53. Bd8 Be4 54. Ke5 Bd3 1/2-1/2

[Event "Hersonissos Online op"]
[Site "Chess.com INT"]
[Date "2020.06.09"]
[Round "5"]
[White "Deliezos, Anastasios"]
[Black "Papaioannou, Dimitrios1111"]
[Result "0-1"]
[WhiteElo "1112"]
[BlackElo "1745"]
[PlyCount "92"]
[EventDate "2020.06.05"]
[EventType "swiss"]
[EventRounds "9"]
[EventCountry "GRE"]
[SourceTitle "EXT 2021"]
[Source "ChessBase"]
[SourceDate "2020.10.23"]
[SourceVersion "1"]
[SourceVersionDate "2020.10.23"]
[SourceQuality "1"]

1. d4 Nf6 2. Nf3 g6 3. Bf4 Bg7 4. e3 d6 5. Bc4 a6 6. 0-0 0-0 7. h3 b5 8. Bb3 Bb7 9. Re1 Nbd7 10. Nbd2 c5 11. c3 Qc7 12. Rc1 e5 13. dxe5 dxe5 14. Bg3 c4 15. Bc2 Rfe8 16. Kf1 Rad8 17. Qe2 Nd5 18. Qd1 Nc5 19. Kg1 Rd7 20. Rf1 Red8 21. Qe2 f6 22. Bb1 Qc6 23. a3 Nxc3 24. bxc3 Rxd2 25. Qe1 Nb3 26. Rc2 Bf8 27. e4 R2d6 28. Ra2 Bh6 29. Rb2 Nc5 30. Kh2 Bg7 31. Rd2 Nxe4 32. Bxe4 Qxe4 33. Rxd6 Rxd6 34. Qxe4 Bxe4 35. Re1 Bxf3 36. gxf3 Rd3 37. Re3 Bf8 38. Kg2 Bxa3 39. Rxd3 cxd3 40. Kf1 Bb2 41. Ke1 Bxc3+ 42. Kd1 a5 43. f4 a4 44. Kc1 a3 45. fxe5 a2 46. exf6 a1Q# 0-1

[Event "Hersonissos Online op"]
[Site "Chess.com INT"]
[Date "2020.06.08"]
[Round "4"]
[White "Mammadzada, Emin Serraf"]
[Black "Deliezos, Anastasios"]
[Result "0-1"]
[WhiteElo "1384"]
[BlackElo "1112"]
[PlyCount "52"]
[EventDate "2020.06.05"]
[EventType "swiss"]
[EventRounds "9"]
[EventCountry "GRE"]
[SourceTitle "EXT 2021"]
[Source "ChessBase"]
[SourceDate "2020.10.23"]
[SourceVersion "1"]
[SourceVersionDate "2020.10.23"]
[SourceQuality "1"]

1. e4 e5 2. Nf3 Nc6 3. Bb5 d6 4. c3 Bg4 5. d3 Nf6 6. 0-0 Be7 7. Nbd2 0-0 8. Re1 a6 9. Ba4 Re8 10. h3 Bh5 11. Nf1 Qd7 12. Ng3 Bg6 13. Nh4 h6 14. Nhf5 Bf8 15. d4 b5 16. Bc2 Bxf5 17. Nxf5 d5 18. exd5 Qxd5 19. Bb3 Qd7 20. Qf3 exd4 21. Rxe8 Rxe8 22. Nxh6+ gxh6 23. Qxf6 Re1+ 24. Kh2 Qd6+ 25. Qxd6 Bxd6+ 26. g3 d3 0-1